Pyramída encyklopedický časopis moderného človeka

Na minha lista:
Detalhes bibliográficos
Formato: Periódico
Idioma:eslovaco
Publicado em: Bratislava Obzor 1972
Tags: Adicionar Tag
Sem tags, seja o primeiro a adicionar uma tag!

MARC

LEADER 00000nas2a22000001 4500
001 0016994
005 20250730114350.4
041 0 |a slo 
044 |a SK 
245 1 0 |a Pyramída  |b encyklopedický časopis moderného človeka 
264 1 |a Bratislava  |b Obzor  |c 1972 
300 |a 1 zv. 
773 0 |w eu_un_cat*s120610